| 000 | 01164nam a22003617a 4500 | ||
|---|---|---|---|
| 003 | CHAP | ||
| 005 | 20220817044431.0 | ||
| 008 | 110331s1976 es a r 00010 spa d | ||
| 010 | _a100801 | ||
| 011 | _a101773 | ||
| 020 | _a8473530357 | ||
| 035 | _a112461 | ||
| 040 | _cCHAP | ||
| 082 | 0 | 4 |
_a370.1 _bUn28 |
| 110 | 1 | _aUNESCO | |
| 245 | 1 | 0 |
_aCrisis en la educación _c/por UNESCO |
| 260 |
_aBarcelona : _bPromoción Cultural, _c1976 |
||
| 300 |
_a159 p. : _bilus., cuadros |
||
| 490 |
_aLibros de bolsillo El Correo de la UNESCO _v; 16 |
||
| 590 |
_aBATCH-UPD _b10 _c20130110 _lUCH01 _h1000 |
||
| 590 |
_aBATCH-UPD _b10 _c20130410 _lUCH01 _h0612 |
||
| 590 |
_aBATCH-UPD _b10 _c20130914 _lUCH01 _h1239 |
||
| 590 |
_aCONVERSION _b10 _c20130109 _lUCH01 _h1356 |
||
| 650 | 1 | 4 |
_aEducación popular. _935584 |
| 650 | 1 | 4 |
_aEducación _xFilosofía. _935446 |
| 650 | 1 | 4 |
_aPlanes de estudio. _988732 |
| 650 | 1 | 4 |
_aReforma educativa. _995602 |
| 650 | 1 | 4 |
_aSociología educativa. _9108211 |
| 830 |
_aLibros de bolsillo El Correo de la UNESCO _v; 16 _966672 |
||
| 901 | _aBK | ||
| 942 | _cLIBRO | ||
| 949 |
_a370.1 Un28 _bBC _cLIBRO _d33724002237330 _eLIBRO _h114546 _i112461 _st |
||
| 999 |
_c100801 _d100801 |
||